| 000 | 01132nmc a2200361 a 4500 | ||
|---|---|---|---|
| 003 | AR-BaBNM | ||
| 005 | 20251128204143.0 | ||
| 008 | 065019s1989 ||||||||||||||000 | spa|| | ||
| 020 | _a950-25-1519-6 | ||
| 040 | _cAR-BaBNM | ||
| 100 | 1 | _aLeis, Héctor Ricardo | |
| 245 | 1 | 0 |
_aEl movimiento por los derechos humanos y la política argentina _n1 |
| 260 |
_aBuenos Aires _bCentro Editor de América Latina _c1989 |
||
| 300 | _a125 p. | ||
| 490 | 0 |
_aBiblioteca política Argentina _vv. 250 |
|
| 500 | _aMDH:MOVIMIENTO POR LOS DERECHOS HUMANOS | ||
| 500 | _aCONADEP:COMISION NACIONAL SOBRE DESAPARICION DE PERSONAS | ||
| 600 | 1 | 4 | _aBalbín, Ricardo |
| 600 | 1 | 4 | _aPérez Esquivel, Adolfo |
| 600 | 1 | 4 |
_aAlfonsín, Raúl Ricardo _d1983-1989 |
| 600 | 1 | 4 | _aGaltieri, Leopoldo Fortunato |
| 650 | 4 | _aHISTORIA POLITICA | |
| 650 | 4 | _aDERECHOS HUMANOS | |
| 650 | 4 | _aAUTORITARISMO | |
| 650 | 4 | _aDEMOCRACIA | |
| 650 | 4 | _aGUERRA DE MALVINAS | |
| 651 | 4 | _aArgentina | |
| 653 | _aMADRES DE PLAZA DE MAYO | ||
| 653 | _aDICTADURA MILITAR 1976-1983 | ||
| 800 | 1 |
_aTroncoso, Oscar _edirector |
|
| 942 | _cBK | ||
| 998 | _cCarmen | ||
| 999 |
_c6393 _d6393 |
||